| 000 | 00757nam a2200241 a 4500 | ||
|---|---|---|---|
| 001 | 27798 | ||
| 003 | BD-RjUL | ||
| 005 | 20211209051213.0 | ||
| 008 | 140327s1961 enkabcf 001 0aeng d | ||
| 035 |
_aOCLC ocm03388506 from D970516M _a(BD-RjUL)27877 |
||
| 040 |
_aIAY _cIAY _dUKM _dBD-RjUL _beng |
||
| 041 | _aeng | ||
| 082 | 0 | 4 |
_a962.403 _218 _bGEN 1961 |
| 090 |
_aDT108.3 _b.G665 1961b |
||
| 245 | 1 | 0 |
_aGeneral Gordon's Khartoum journal / _cedited by Lord Elton. |
| 260 |
_aLondon : _bWilliam Kimber, _c1961. |
||
| 300 |
_a[4] 224 p., [1] leaf of plates : _bill., maps, ports. ; _c24 cm. |
||
| 504 | _aIncludes index. | ||
| 650 |
_aSudan History _985329 |
||
| 651 | 0 |
_aSudan _xHistory _xSources. _985330 |
|
| 700 |
_aLord Elton _985331 |
||
| 942 |
_2ddc _cBK |
||
| 999 |
_c27798 _d27798 |
||